| 000 | 01283cad a2200265 4500 | ||
|---|---|---|---|
| 001 | L158663 | ||
| 008 | 100215n2013 000 0 eng u | ||
| 020 | _a9781783210305 | ||
| 035 | _a(Sirsi) u158663 | ||
| 041 | _aeng | ||
| 100 | 1 | _aSchmidt, K. | |
| 111 | 2 |
_aConstruction and Building Research Conference _cIIT Delhi, New Delhi _d10-12 September 2013 |
|
| 245 | 0 | 0 |
_aAssuring construction quality through an increased understanding of variation _h[electronic resource] |
| 260 |
_aLondon _bRICS _c2013 |
||
| 490 | 0 |
_aCOBRA _v2013 |
|
| 520 | _aA paper presented at the COBRA Conference in New Delhi on 10-12 September 2013. Looks at the challenges to quality engineers brought about by variation in the construction industry. Explains in detail how researchers and professionals in the field have attempted these quality challenges in the construction industry in order to prevent implementing changes in processes that are not necessary or misinterpreted, and therefore lead to inefficient use of resources. | ||
| 650 | 2 | 4 | _aCONSTRUCTION AND BUILDING RESEARCH CONFERENCE (COBRA) |
| 650 | 2 | 4 | _aNOISE |
| 650 | 2 | 4 | _aCONSTRUCTION |
| 650 | 2 | 4 | _aQUALITY CONTROL |
| 651 | 4 |
_aUnited States _y1959- |
|
| 690 |
_aBuilding control _96222 |
||
| 700 | 1 | _aRahn, Keith | |
| 942 | _n0 | ||
| 999 |
_c115442 _d115442 |
||